Language Quiz

Random Language or Blitz Quiz

Vocabulary Blitz XXXV Quiz Stats

Quiz Updated Jan 12, 2018

Challenge
Share
Tweet
Embed
Score 0/5 Timer 01:00
6 Plays Today
% Correct
extort
90.4%
exalt
71.7%
exhort
69.9%
exult
57.1%
extol
56.2%

You're not logged in!

Compare scores with friends on all Sporcle quizzes.
Sign Up with Email
OR
Log In

You Might Also Like...

Show Comments

Extras

Top Quizzes Today


Score Distribution

Your Account Isn't Verified!

In order to create a playlist on Sporcle, you need to verify the email address you used during registration. Go to your Sporcle Settings to finish the process.